000 00463nam a2200193Ia 4500
005 20251020182530.0
008 200515s9999 xx 000 0 und d
082 _a696/K47
100 _aSAGE, Konrad
245 0 _aInstalaciones técnicas en los edificios
260 _aBarcelona
260 _c1980
500 _a1 ejemplar
650 _aAIRE ACONDICIONADO
650 _aINSTALACIONES SANITARIAS
650 _aLIB
650 _aVENTILACION
942 _cLIB
999 _c2038
_d2038